[Event "Campeonato España Sub 14"]
[Site "Salobreña"]
[Date "2017.07.19"]
[Round "5"]
[White "Bermudez Revuelta, Paula"]
[Black "Guillo Longares, Cecilia"]
[Result "1-0"]
[Board "5"]
[WhiteClock "1:30"]
[WhiteElo "1752"]
[WhiteCountry "ESP"]
[WhiteFideId "32073623"]
[WhiteEloChange "16"]
[BlackClock "1:30"]
[BlackElo "1997"]
[BlackCountry "ESP"]
[BlackFideId "32082681"]
[BlackEloChange "-16"]

1. e4 {[%clk 1:30:00]} c5 {[%clk 1:30:00]} 2. Nf3 {[%clk 1:31:00]} Nc6 {[%clk
1:31:00]} 3. Nc3 {[%clk 1:31:00]} g6 {[%clk 1:31:00]} 4. Bb5 {[%clk 1:32:00]} Bg7
{[%clk 1:31:00]} 5. O-O {[%clk 1:32:00]} Nf6 {[%clk 1:31:00]} 6. e5 {[%clk
1:32:00]} Ng4 {[%clk 1:31:00]} 7. Bxc6 {[%clk 1:32:00]} dxc6 {[%clk 1:31:00]} 8.
Re1 {[%clk 1:32:00]} O-O {[%clk 1:32:00]} 9. h3 {[%clk 1:32:00]} Nh6 {[%clk
1:32:00]} 10. d3 {[%clk 1:32:00]} Nf5 {[%clk 1:31:00]} 11. Ne4 {[%clk 1:32:00]}
b6 {[%clk 1:30:00]} 12. Bf4 {[%clk 1:32:00]} Be6 {[%clk 1:26:00]} 13. a4 {[%clk
1:30:00]} Bd5 {[%clk 1:22:00]} 14. c3 {[%clk 1:19:00]} Bh6 {[%clk 1:19:00]} 15.
Bxh6 {[%clk 1:18:00]} Nxh6 {[%clk 1:19:00]} 16. Qd2 {[%clk 1:12:00]} Nf5 {[%clk
1:17:00]} 17. g4 {[%clk 1:06:00]} Ng7 {[%clk 1:17:00]} 18. Qh6 {[%clk 1:05:00]}
f6 {[%clk 1:16:00]} 19. Neg5 {[%clk 0:58:00]} fxg5 {[%clk 1:16:00]} 20. Nxg5
{[%clk 0:58:00]} Rxf2 {[%clk 1:11:00]} 21. Qxh7+ {[%clk 0:58:00]} Kf8 {[%clk
1:12:00]} 22. Kxf2 {[%clk 0:57:00]} Bg8 {[%clk 1:11:00]} 23. Qxg6 {[%clk
0:56:00]} Qe8 {[%clk 1:10:00]} 24. Qxe8+ {[%clk 0:56:00]} Rxe8 {[%clk 1:11:00]}
25. Kg3 {[%clk 0:56:00]} Ne6 {[%clk 1:11:00]} 26. Rf1+ {[%clk 0:56:00]} Kg7
{[%clk 1:11:00]} 27. Nxe6+ {[%clk 0:57:00]} Bxe6 {[%clk 1:12:00]} 28. d4 {[%clk
0:51:00]} cxd4 {[%clk 1:12:00]} 29. cxd4 {[%clk 0:51:00]} Rd8 {[%clk 1:11:00]}
30. Rfd1 {[%clk 0:51:00]} Bb3 {[%clk 1:12:00]} 31. Rd3 {[%clk 0:51:00]} Bc4
{[%clk 1:12:00]} 32. Rd2 {[%clk 0:50:00]} c5 {[%clk 1:13:00]} 33. Rad1 {[%clk
0:50:00]} Bb3 {[%clk 1:12:00]} 34. dxc5 {[%clk 0:51:00]} Rxd2 {[%clk 1:13:00]}
35. Rxd2 {[%clk 0:51:00]} bxc5 {[%clk 1:13:00]} 36. Rd7 {[%clk 0:51:00]} Kf7
{[%clk 1:13:00]} 37. Rxa7 {[%clk 0:51:00]} Ke6 {[%clk 1:13:00]} 38. Kf4 {[%clk
0:52:00]} Kf7 {[%clk 1:13:00]} 39. a5 {[%clk 0:52:00]} 1-0

[Event "Campeonato España Sub 14"]
[Site "Salobreña"]
[Date "2017.07.19"]
[Round "5"]
[White "Bertomeu Ginestar, Antoni"]
[Black "Riu Lopez, Sergi"]
[Result "1/2-1/2"]
[Board "6"]
[WhiteClock "1:30"]
[WhiteElo "1660"]
[WhiteCountry "ESP"]
[WhiteFideId "24528277"]
[WhiteEloChange "7"]
[BlackClock "1:30"]
[BlackElo "1982"]
[BlackCountry "ESP"]
[BlackFideId "32087047"]
[BlackEloChange "-7"]

1. e4 {[%clk 1:30:00]} c5 {[%clk 1:30:00]} 2. Nf3 {[%clk 1:31:00]} Nc6 {[%clk
1:31:00]} 3. d4 {[%clk 1:31:00]} cxd4 {[%clk 1:31:00]} 4. Nxd4 {[%clk 1:31:00]}
g6 {[%clk 1:31:00]} 5. Nc3 {[%clk 1:31:00]} Bg7 {[%clk 1:31:00]} 6. Be3 {[%clk
1:31:00]} Nf6 {[%clk 1:31:00]} 7. Bc4 {[%clk 1:31:00]} O-O {[%clk 1:32:00]} 8.
O-O {[%clk 1:29:00]} d6 {[%clk 1:31:00]} 9. Be2 {[%clk 1:24:00]} d5 {[%clk
1:26:00]} 10. exd5 {[%clk 1:21:00]} Nxd5 {[%clk 1:26:00]} 11. Nxd5 {[%clk
1:20:00]} Qxd5 {[%clk 1:26:00]} 12. Bf3 {[%clk 1:19:00]} Qd6 {[%clk 1:24:00]} 13.
c3 {[%clk 1:10:00]} Nxd4 {[%clk 1:13:00]} 14. Bxd4 {[%clk 1:10:00]} e5 {[%clk
1:13:00]} 15. Be3 {[%clk 1:10:00]} Qc7 {[%clk 1:13:00]} 16. Bd5 {[%clk 1:02:00]}
Bd7 {[%clk 1:08:00]} 17. Qf3 {[%clk 0:52:00]} Bc6 {[%clk 1:07:00]} 18. Bxc6
{[%clk 0:52:00]} bxc6 {[%clk 1:07:00]} 19. Rfd1 {[%clk 0:50:00]} Rab8 {[%clk
1:00:00]} 20. Rd2 {[%clk 0:50:00]} Rfe8 {[%clk 0:55:00]} 21. Qe4 {[%clk 0:47:00]}
a6 {[%clk 0:39:00]} 22. Rad1 {[%clk 0:41:00]} Red8 {[%clk 0:38:00]} 23. Qc4
{[%clk 0:34:00]} Rxd2 {[%clk 0:26:00]} 24. Rxd2 {[%clk 0:35:00]} Qb7 {[%clk
0:26:00]} 25. h3 {[%clk 0:21:00]} Bf8 {[%clk 0:24:00]} 26. Bc5 {[%clk 0:20:00]}
Qb5 {[%clk 0:20:00]} 27. Qxb5 {[%clk 0:19:27]} Rxb5 {[%clk 0:21:00]} 28. Bxf8
{[%clk 0:19:41]} Kxf8 {[%clk 0:21:00]} 29. Kf1 {[%clk 0:17:54]} Ke7 {[%clk
0:21:00]} 30. Ke2 {[%clk 0:17:57]} f5 {[%clk 0:21:00]} 1/2-1/2

[Event "Campeonato España Sub 14"]
[Site "Salobreña"]
[Date "2017.07.19"]
[Round "5"]
[White "Perez Beltran, Salvador"]
[Black "Bustos Bernardo, Diego"]
[Result "1/2-1/2"]
[Board "7"]
[WhiteClock "1:30"]
[WhiteElo "1854"]
[WhiteCountry "ESP"]
[WhiteFideId "32063008"]
[WhiteEloChange "-6"]
[BlackClock "1:30"]
[BlackElo "1589"]
[BlackCountry "ESP"]
[BlackFideId "24523372"]
[BlackEloChange "6"]

1. d4 {[%clk 1:30:00]} d5 {[%clk 1:30:00]} 2. Nf3 {[%clk 1:30:00]} Nf6 {[%clk
1:30:00]} 3. c4 {[%clk 1:30:00]} c6 {[%clk 1:29:00]} 4. Nc3 {[%clk 1:31:00]} dxc4
{[%clk 1:29:00]} 5. a4 {[%clk 1:31:00]} Bf5 {[%clk 1:29:00]} 6. e3 {[%clk
1:29:00]} e6 {[%clk 1:29:00]} 7. Bxc4 {[%clk 1:29:00]} Bb4 {[%clk 1:29:00]} 8.
O-O {[%clk 1:28:00]} O-O {[%clk 1:29:00]} 9. Qe2 {[%clk 1:26:00]} Bg6 {[%clk
1:29:00]} 10. Ne5 {[%clk 1:19:00]} Qa5 {[%clk 1:22:00]} 11. Bd2 {[%clk 1:06:00]}
Nbd7 {[%clk 1:18:00]} 12. Nxg6 {[%clk 0:54:00]} hxg6 {[%clk 1:18:00]} 13. Nb1
{[%clk 0:36:00]} e5 {[%clk 1:10:00]} 14. Qe1 {[%clk 0:32:00]} Bxd2 {[%clk
1:09:00]} 15. Qxd2 {[%clk 0:32:00]} Qxd2 {[%clk 1:07:00]} 16. Nxd2 {[%clk
0:32:00]} exd4 {[%clk 1:07:00]} 17. exd4 {[%clk 0:33:00]} Nb6 {[%clk 1:07:00]}
18. Bb3 {[%clk 0:32:00]} Rad8 {[%clk 1:07:00]} 19. Nf3 {[%clk 0:32:00]} Nbd5
{[%clk 1:02:00]} 20. Rfe1 {[%clk 0:26:00]} Rd6 {[%clk 0:53:00]} 21. Re2 {[%clk
0:26:00]} Rdd8 {[%clk 0:53:00]} 22. Ree1 {[%clk 0:27:00]} Rd6 {[%clk 0:53:00]}
23. Re2 {[%clk 0:27:00]} Rdd8 {[%clk 0:54:00]} 24. Ree1 {[%clk 0:28:00]} Rd6
{[%clk 0:54:00]} 25. Re2 {[%clk 0:28:00]} 1/2-1/2

[Event "Campeonato España Sub 14"]
[Site "Salobreña"]
[Date "2017.07.19"]
[Round "5"]
[White "Ponseti Lluch, Joan"]
[Black "Reboredo Martinez, Claudio"]
[Result "1/2-1/2"]
[Board "8"]
[WhiteClock "1:30"]
[WhiteElo "1633"]
[WhiteCountry "ESP"]
[WhiteFideId "32088345"]
[WhiteEloChange "4"]
[BlackClock "1:30"]
[BlackElo "1796"]
[BlackCountry "ESP"]
[BlackFideId "24557153"]
[BlackEloChange "-4"]

1. d4 {[%clk 1:30:00]} Nf6 {[%clk 1:30:00]} 2. Nf3 {[%clk 1:31:00]} g6 {[%clk
1:31:00]} 3. c4 {[%clk 1:31:00]} c5 {[%clk 1:31:00]} 4. d5 {[%clk 1:29:00]} b5
{[%clk 1:32:00]} 5. cxb5 {[%clk 1:29:00]} a6 {[%clk 1:32:00]} 6. bxa6 {[%clk
1:28:00]} Bg7 {[%clk 1:32:00]} 7. Nc3 {[%clk 1:28:00]} O-O {[%clk 1:33:00]} 8. g3
{[%clk 1:26:00]} Qa5 {[%clk 1:30:00]} 9. Bd2 {[%clk 1:24:00]} Qxa6 {[%clk
1:29:00]} 10. Bg2 {[%clk 1:24:00]} d6 {[%clk 1:30:00]} 11. O-O {[%clk 1:24:00]}
Nbd7 {[%clk 1:27:00]} 12. Re1 {[%clk 1:23:00]} Nb6 {[%clk 1:25:00]} 13. e4 {[%clk
1:20:00]} Nc4 {[%clk 1:15:00]} 14. Qc1 {[%clk 1:09:00]} Qb6 {[%clk 1:08:00]} 15.
b3 {[%clk 1:01:00]} Nxd2 {[%clk 1:07:00]} 16. Qxd2 {[%clk 1:01:00]} Nd7 {[%clk
1:03:00]} 17. Na4 {[%clk 0:56:00]} Rxa4 {[%clk 0:46:00]} 18. bxa4 {[%clk
0:57:00]} Bxa1 {[%clk 0:46:00]} 19. Rxa1 {[%clk 0:57:00]} Qa6 {[%clk 0:43:00]}
20. a5 {[%clk 0:55:00]} f6 {[%clk 0:34:00]} 21. Bf1 {[%clk 0:51:00]} Qa7 {[%clk
0:34:00]} 22. Rb1 {[%clk 0:49:00]} Ba6 {[%clk 0:30:00]} 23. Bh3 {[%clk 0:43:00]}
Ne5 {[%clk 0:28:00]} 24. Be6+ {[%clk 0:42:00]} Kg7 {[%clk 0:28:00]} 25. Nxe5
{[%clk 0:41:00]} fxe5 {[%clk 0:28:00]} 26. Rb6 {[%clk 0:38:00]} Bc8 {[%clk
0:24:00]} 27. Bxc8 {[%clk 0:37:00]} Rxc8 {[%clk 0:25:00]} 28. Rc6 {[%clk
0:36:00]} Rb8 {[%clk 0:22:00]} 29. a6 {[%clk 0:30:00]} Rb4 {[%clk 0:21:00]} 30.
Qc2 {[%clk 0:26:00]} Rd4 {[%clk 0:11:52]} 31. Qb2 {[%clk 0:19:52]} Rb4 {[%clk
0:10:23]} 32. Qa3 {[%clk 0:19:37]} Rb8 {[%clk 0:05:41]} 33. Qa5 {[%clk 0:16:50]}
Kf7 {[%clk 0:05:17]} 34. Rc7 {[%clk 0:15:28]} Qb6 {[%clk 0:05:17]} 1/2-1/2

[Event "Campeonato España Sub 14"]
[Site "Salobreña"]
[Date "2017.07.19"]
[Round "5"]
[White "Quispe Arteaga, Gabriel"]
[Black "Sempere Domenech, Abel"]
[Result "1-0"]
[Board "9"]
[WhiteClock "1:30"]
[WhiteTitle "FM"]
[WhiteElo "2231"]
[WhiteCountry "ESP"]
[WhiteFideId "32059809"]
[WhiteEloChange "2"]
[BlackClock "1:30"]
[BlackElo "1723"]
[BlackCountry "ESP"]
[BlackFideId "24508470"]
[BlackEloChange "-2"]

1. Nf3 {[%clk 1:30:00]} c5 {[%clk 1:30:00]} 2. b3 {[%clk 1:29:00]} Nf6 {[%clk
1:30:00]} 3. Bb2 {[%clk 1:30:00]} d6 {[%clk 1:27:00]} 4. c4 {[%clk 1:28:00]} e6
{[%clk 1:25:00]} 5. e3 {[%clk 1:28:00]} Be7 {[%clk 1:24:00]} 6. d4 {[%clk
1:28:00]} O-O {[%clk 1:21:00]} 7. Bd3 {[%clk 1:28:00]} b6 {[%clk 1:18:00]} 8. O-O
{[%clk 1:29:00]} Bb7 {[%clk 1:18:00]} 9. Nbd2 {[%clk 1:29:00]} Nbd7 {[%clk
1:16:00]} 10. Qe2 {[%clk 1:28:00]} Qc7 {[%clk 1:14:00]} 11. Rac1 {[%clk 1:28:00]}
Rac8 {[%clk 1:10:00]} 12. Rfd1 {[%clk 1:27:00]} Rfd8 {[%clk 1:04:00]} 13. Bb1
{[%clk 1:24:00]} Qb8 {[%clk 1:00:00]} 14. Nf1 {[%clk 1:15:00]} Qa8 {[%clk
0:55:00]} 15. Ng3 {[%clk 1:15:00]} Ne4 {[%clk 0:50:00]} 16. Qc2 {[%clk 1:09:00]}
Ndf6 {[%clk 0:47:00]} 17. dxc5 {[%clk 0:40:00]} dxc5 {[%clk 0:43:00]} 18. Ne1
{[%clk 0:40:00]} Nxg3 {[%clk 0:36:00]} 19. hxg3 {[%clk 0:38:00]} Be4 {[%clk
0:36:00]} 20. Qc3 {[%clk 0:30:00]} Bxb1 {[%clk 0:34:00]} 21. Rxb1 {[%clk
0:31:00]} Rxd1 {[%clk 0:31:00]} 22. Rxd1 {[%clk 0:31:00]} Rd8 {[%clk 0:31:00]}
23. Nd3 {[%clk 0:30:00]} Qb7 {[%clk 0:29:00]} 24. f3 {[%clk 0:29:00]} Ne8 {[%clk
0:28:00]} 25. Kf2 {[%clk 0:26:00]} Bf6 {[%clk 0:27:00]} 26. Qc2 {[%clk 0:26:00]}
Bxb2 {[%clk 0:27:00]} 27. Qxb2 {[%clk 0:26:00]} Kf8 {[%clk 0:26:00]} 28. Nxc5
{[%clk 0:26:00]} Qe7 {[%clk 0:22:00]} 29. Rxd8 {[%clk 0:26:00]} Qxd8 {[%clk
0:23:00]} 30. Ne4 {[%clk 0:27:00]} Nd6 {[%clk 0:23:00]} 31. Qa3 {[%clk 0:27:00]}
Ke7 {[%clk 0:23:00]} 32. Qxa7+ {[%clk 0:27:00]} Ke8 {[%clk 0:23:00]} 33. Qa4+
{[%clk 0:27:00]} b5 {[%clk 0:22:00]} 34. Nxd6+ {[%clk 0:27:00]} Qxd6 {[%clk
0:22:00]} 35. Qxb5+ {[%clk 0:27:00]} Ke7 {[%clk 0:23:00]} 36. c5 {[%clk 0:26:00]}
Qd2+ {[%clk 0:23:00]} 37. Qe2 {[%clk 0:27:00]} Qb4 {[%clk 0:23:00]} 38. Qc2
{[%clk 0:27:00]} 1-0

[Event "Campeonato España Sub 14"]
[Site "Salobreña"]
[Date "2017.07.19"]
[Round "5"]
[White "Gomez Carreno, Martin"]
[Black "Guillermo Gonzalez, Alvaro"]
[Result "1-0"]
[Board "10"]
[WhiteClock "1:30"]
[WhiteElo "2089"]
[WhiteCountry "ESP"]
[WhiteFideId "32066171"]
[WhiteEloChange "2"]
[BlackClock "1:30"]
[BlackElo "1700"]
[BlackCountry "ESP"]
[BlackFideId "24558885"]
[BlackEloChange "-2"]

1. d4 {[%clk 1:30:00]} Nf6 {[%clk 1:30:00]} 2. Bg5 {[%clk 1:31:00]} Ne4 {[%clk
1:31:00]} 3. Bf4 {[%clk 1:31:00]} c5 {[%clk 1:31:00]} 4. f3 {[%clk 1:32:00]} Qa5+
{[%clk 1:31:00]} 5. c3 {[%clk 1:32:00]} Nf6 {[%clk 1:32:00]} 6. Na3 {[%clk
1:32:00]} d5 {[%clk 1:27:00]} 7. e4 {[%clk 1:31:00]} cxd4 {[%clk 1:17:00]} 8. Nb5
{[%clk 1:28:00]} Na6 {[%clk 1:16:00]} 9. Qxd4 {[%clk 1:04:00]} Qb6 {[%clk
1:04:00]} 10. Qd2 {[%clk 1:03:00]} e6 {[%clk 1:02:00]} 11. e5 {[%clk 1:00:00]}
Nd7 {[%clk 1:01:00]} 12. Be3 {[%clk 0:59:00]} Qd8 {[%clk 0:57:00]} 13. f4 {[%clk
0:55:00]} Nac5 {[%clk 0:57:00]} 14. Nf3 {[%clk 0:51:00]} a6 {[%clk 0:53:00]} 15.
Nbd4 {[%clk 0:50:00]} Qc7 {[%clk 0:49:00]} 16. Qc2 {[%clk 0:46:00]} Be7 {[%clk
0:45:00]} 17. Rc1 {[%clk 0:45:00]} b5 {[%clk 0:41:00]} 18. Be2 {[%clk 0:37:00]}
Bb7 {[%clk 0:36:00]} 19. O-O {[%clk 0:36:00]} Ne4 {[%clk 0:23:00]} 20. Nd2 {[%clk
0:28:00]} Ndc5 {[%clk 0:17:40]} 21. N4b3 {[%clk 0:27:00]} g6 {[%clk 0:14:45]} 22.
Bf3 {[%clk 0:24:00]} Nxb3 {[%clk 0:13:30]} 23. Nxb3 {[%clk 0:24:00]} Nc5 {[%clk
0:13:12]} 24. Nd4 {[%clk 0:22:00]} Rc8 {[%clk 0:12:19]} 25. Rfd1 {[%clk 0:17:35]}
O-O {[%clk 0:12:09]} 26. Qf2 {[%clk 0:16:34]} Rfd8 {[%clk 0:08:00]} 27. h3 {[%clk
0:12:59]} Ne4 {[%clk 0:08:05]} 28. Qe1 {[%clk 0:12:15]} Qb8 {[%clk 0:06:54]} 29.
a3 {[%clk 0:10:57]} Ba8 {[%clk 0:06:05]} 30. Bxe4 {[%clk 0:08:44]} dxe4 {[%clk
0:06:33]} 31. Qg3 {[%clk 0:08:56]} Bc5 {[%clk 0:04:52]} 32. Kh2 {[%clk 0:06:22]}
a5 {[%clk 0:04:26]} 33. Qg5 {[%clk 0:05:23]} Bd5 {[%clk 0:01:18]} 34. Rd2 {[%clk
0:02:52]} b4 {[%clk 0:01:17]} 35. cxb4 {[%clk 0:01:29]} axb4 {[%clk 0:01:37]} 36.
Rdc2 {[%clk 0:01:53]} Bxd4 {[%clk 0:01:26]} 37. Rxc8 {[%clk 0:01:44]} Rxc8 {[%clk
0:01:54]} 38. Rxc8+ {[%clk 0:02:13]} Qxc8 {[%clk 0:02:23]} 39. Bxd4 {[%clk
0:02:29]} bxa3 {[%clk 0:01:28]} 40. bxa3 {[%clk 0:02:56]} Qf8 {[%clk 0:01:27]}
41. Qg3 {[%clk 0:02:15]} Qe8 {[%clk 0:01:11]} 42. Bc5 {[%clk 0:01:34]} Bc6 {[%clk
0:00:59]} 43. Qe3 {[%clk 0:00:58]} Qd7 {[%clk 0:00:45]} 44. Qe1 {[%clk 0:01:00]}
Qe8 {[%clk 0:00:41]} 45. Qc3 {[%clk 0:00:52]} Bd5 {[%clk 0:01:03]} 46. Qb4 {[%clk
0:00:50]} Bc6 {[%clk 0:01:03]} 47. Qb6 {[%clk 0:00:58]} Qd7 {[%clk 0:01:02]} 48.
Qb8+ {[%clk 0:00:58]} Qe8 {[%clk 0:01:30]} 49. Qd6 {[%clk 0:01:18]} Ba4 {[%clk
0:01:40]} 50. Be3 {[%clk 0:00:51]} Qd7 {[%clk 0:01:36]} 51. Qb4 {[%clk 0:00:51]}
Bc6 {[%clk 0:01:21]} 52. Qb6 {[%clk 0:01:04]} Qe8 {[%clk 0:01:06]} 53. Qa5 {[%clk
0:01:01]} Qd7 {[%clk 0:01:03]} 54. Qe1 {[%clk 0:01:18]} Qe7 {[%clk 0:00:47]} 55.
Qc1 {[%clk 0:01:02]} Qe8 {[%clk 0:00:46]} 56. Bd2 {[%clk 0:00:56]} Qd7 {[%clk
0:00:55]} 57. Qc3 {[%clk 0:01:18]} Qe8 {[%clk 0:00:58]} 58. Qg3 {[%clk 0:00:52]}
Qd8 {[%clk 0:00:37]} 59. Bb4 {[%clk 0:00:53]} Qe8 {[%clk 0:00:43]} 60. Qg5 {[%clk
0:00:43]} Ba4 {[%clk 0:00:54]} 61. h4 {[%clk 0:00:48]} Bd1 {[%clk 0:00:32]} 62.
h5 {[%clk 0:01:08]} Ba4 {[%clk 0:00:50]} 63. h6 {[%clk 0:01:25]} f5 {[%clk
0:00:43]} 64. exf6 {[%clk 0:01:30]} Kf7 {[%clk 0:00:46]} 65. Qe5 {[%clk 0:01:40]}
Bc6 {[%clk 0:00:50]} 66. Qc7+ {[%clk 0:01:19]} Qd7 {[%clk 0:01:14]} 67. Qxd7+
{[%clk 0:01:17]} Bxd7 {[%clk 0:01:43]} 68. Bc3 {[%clk 0:01:31]} Bc6 {[%clk
0:02:08]} 69. g4 {[%clk 0:01:57]} Ba4 {[%clk 0:01:43]} 70. g5 {[%clk 0:02:34]}
Bc6 {[%clk 0:00:24]} 71. Kg2 {[%clk 0:02:58]} Ba4 {[%clk 0:00:43]} 72. Kf2 {[%clk
0:03:17]} Bb3 {[%clk 0:01:12]} 73. Ke3 {[%clk 0:03:16]} Bc2 {[%clk 0:01:37]} 74.
Kd4 {[%clk 0:03:39]} e5+ {[%clk 0:01:37]} 75. fxe5 {[%clk 0:03:39]} Bd3 {[%clk
0:01:37]} 76. Kd5 {[%clk 0:03:39]} 1-0

[Event "Campeonato España Sub 14"]
[Site "Salobreña"]
[Date "2017.07.19"]
[Round "5"]
[White "Diaz Mino, Pablo"]
[Black "Lagunas Gualda, Guillermo"]
[Result "1-0"]
[Board "11"]
[WhiteClock "n/a"]
[WhiteElo "2047"]
[WhiteCountry "ESP"]
[WhiteFideId "24520470"]
[WhiteEloChange "2"]
[BlackClock "n/a"]
[BlackElo "1685"]
[BlackCountry "ESP"]
[BlackFideId "24515949"]
[BlackEloChange "-2"]

1. d4 {[%clk 1:30:30]} Nf6 {[%clk 1:30:30]} 2. c4 {[%clk 1:30:30]} g6 {[%clk
1:30:30]} 3. Nc3 {[%clk 1:30:30]} Bg7 {[%clk 1:30:30]} 4. e4 {[%clk 1:30:30]} d6
{[%clk 1:30:30]} 5. f3 {[%clk 1:30:30]} O-O {[%clk 1:30:30]} 6. Be3 {[%clk
1:30:30]} Nbd7 {[%clk 1:30:30]} 7. Nge2 {[%clk 1:30:30]} c5 {[%clk 1:30:30]} 8.
Qd2 {[%clk 1:30:30]} a6 {[%clk 1:30:30]} 9. Rd1 {[%clk 1:30:30]} Qc7 {[%clk
1:30:30]} 10. d5 {[%clk 1:30:30]} Rb8 {[%clk 1:30:30]} 11. Ng3 {[%clk 1:30:30]}
h5 {[%clk 1:30:30]} 12. Bd3 {[%clk 1:30:30]} Ne5 {[%clk 1:30:30]} 13. h3 {[%clk
1:30:30]} Nxd3+ {[%clk 1:30:30]} 14. Qxd3 {[%clk 1:30:30]} Bd7 {[%clk 1:30:30]}
15. a4 {[%clk 1:30:30]} b6 {[%clk 1:30:30]} 16. f4 {[%clk 1:30:30]} Rb7 {[%clk
1:30:30]} 17. O-O {[%clk 1:30:30]} Rfb8 {[%clk 1:30:30]} 18. f5 {[%clk 1:30:30]}
h4 {[%clk 1:30:30]} 19. Nge2 {[%clk 1:30:30]} gxf5 {[%clk 1:30:30]} 20. exf5
{[%clk 1:30:30]} b5 {[%clk 1:30:30]} 21. b3 {[%clk 1:30:30]} bxc4 {[%clk
1:30:30]} 22. bxc4 {[%clk 1:30:30]} Rb3 {[%clk 1:30:30]} 23. Rf4 {[%clk 1:30:30]}
Qc8 {[%clk 1:30:30]} 24. Rdf1 {[%clk 1:30:30]} Nh5 {[%clk 1:30:30]} 25. Rg4
{[%clk 1:30:30]} Kf8 {[%clk 1:30:30]} 26. Rxh4 {[%clk 1:30:30]} Ng3 {[%clk
1:30:30]} 27. Nxg3 {[%clk 1:30:30]} Rxc3 {[%clk 1:30:30]} 28. Qd2 {[%clk
1:30:30]} Rxe3 {[%clk 1:30:30]} 29. Qxe3 {[%clk 1:30:30]} Bd4 {[%clk 1:30:30]}
30. Rxd4 {[%clk 1:30:30]} cxd4 {[%clk 1:30:30]} 31. Qh6+ {[%clk 1:30:30]} Kg8
{[%clk 1:30:30]} 32. Rf4 {[%clk 1:30:30]} 1-0

[Event "Campeonato España Sub 14"]
[Site "Salobreña"]
[Date "2017.07.19"]
[Round "5"]
[White "Cespedes Llaverias, Llibert"]
[Black "Del Moral Collado, Enrique"]
[Result "1-0"]
[Board "12"]
[WhiteClock "1:30"]
[WhiteElo "1996"]
[WhiteCountry "ESP"]
[WhiteFideId "32065949"]
[WhiteEloChange "3"]
[BlackClock "1:30"]
[BlackElo "1683"]
[BlackCountry "ESP"]
[BlackFideId "24513261"]
[BlackEloChange "-3"]

1. e4 {[%clk 1:30:00]} c5 {[%clk 1:30:00]} 2. Nf3 {[%clk 1:31:00]} d6 {[%clk
1:30:00]} 3. Bb5+ {[%clk 1:31:00]} Bd7 {[%clk 1:29:00]} 4. Bxd7+ {[%clk 1:32:00]}
Nxd7 {[%clk 1:29:00]} 5. O-O {[%clk 1:32:00]} Ngf6 {[%clk 1:28:00]} 6. Re1 {[%clk
1:32:00]} g6 {[%clk 1:26:00]} 7. c3 {[%clk 1:31:00]} Bg7 {[%clk 1:23:00]} 8. d4
{[%clk 1:30:00]} O-O {[%clk 1:18:00]} 9. e5 {[%clk 1:23:00]} dxe5 {[%clk
1:11:00]} 10. dxe5 {[%clk 1:23:00]} Ng4 {[%clk 1:09:00]} 11. e6 {[%clk 1:10:00]}
Nde5 {[%clk 1:05:00]} 12. Nxe5 {[%clk 1:05:00]} Nxe5 {[%clk 1:04:00]} 13. exf7+
{[%clk 0:53:00]} Rxf7 {[%clk 1:04:00]} 14. Qe2 {[%clk 0:42:00]} Qd7 {[%clk
0:58:00]} 15. Be3 {[%clk 0:35:00]} b6 {[%clk 0:53:00]} 16. Na3 {[%clk 0:30:00]}
Ng4 {[%clk 0:48:00]} 17. Rad1 {[%clk 0:27:00]} Qf5 {[%clk 0:47:00]} 18. h3 {[%clk
0:26:00]} Nxe3 {[%clk 0:43:00]} 19. Qxe3 {[%clk 0:26:00]} Raf8 {[%clk 0:39:00]}
20. Rf1 {[%clk 0:21:00]} Bf6 {[%clk 0:36:00]} 21. Nc4 {[%clk 0:19:39]} Bh4 {[%clk
0:34:00]} 22. g3 {[%clk 0:11:06]} Qxh3 {[%clk 0:26:00]} 23. Ne5 {[%clk 0:05:08]}
Rf5 {[%clk 0:23:00]} 24. Qd3 {[%clk 0:01:25]} Bf6 {[%clk 0:17:27]} 25. f4 {[%clk
0:00:33]} Rh5 {[%clk 0:15:29]} 26. Qd5+ {[%clk 0:00:41]} Kg7 {[%clk 0:14:26]} 27.
Qg2 {[%clk 0:01:10]} Qf5 {[%clk 0:12:51]} 28. g4 {[%clk 0:01:00]} Qe6 {[%clk
0:07:51]} 29. gxh5 {[%clk 0:01:22]} g5 {[%clk 0:07:31]} 30. Rde1 {[%clk 0:01:00]}
Qd6 {[%clk 0:07:14]} 31. Rd1 {[%clk 0:00:39]} Qe6 {[%clk 0:07:27]} 32. Ng4 {[%clk
0:00:33]} Kh8 {[%clk 0:07:02]} 33. fxg5 {[%clk 0:00:47]} Rg8 {[%clk 0:06:36]} 34.
Rde1 {[%clk 0:00:34]} Qd7 {[%clk 0:06:09]} 35. Nxf6 {[%clk 0:00:47]} exf6 {[%clk
0:06:32]} 36. Rxf6 {[%clk 0:00:50]} Qd3 {[%clk 0:06:46]} 37. Rf3 {[%clk 0:00:36]}
Qd5 {[%clk 0:06:45]} 38. Rg3 {[%clk 0:00:47]} Qxa2 {[%clk 0:07:00]} 39. Qf2
{[%clk 0:00:47]} Qd5 {[%clk 0:06:29]} 40. Qf6+ {[%clk 0:00:47]} 1-0

[Event "Campeonato España Sub 14"]
[Site "Salobreña"]
[Date "2017.07.19"]
[Round "5"]
[White "Ros Alonso, Joana"]
[Black "Jimenez Fernandez, Rebeca"]
[Result "1/2-1/2"]
[Board "13"]
[WhiteClock "1:30"]
[WhiteElo "1966"]
[WhiteCountry "ESP"]
[WhiteFideId "32013426"]
[WhiteEloChange "-7"]
[BlackClock "1:30"]
[BlackElo "1676"]
[BlackCountry "ESP"]
[BlackFideId "32070934"]
[BlackEloChange "7"]

1. e4 {[%clk 1:30:00]} g6 {[%clk 1:30:00]} 2. d4 {[%clk 1:31:00]} Bg7 {[%clk
1:31:00]} 3. Nc3 {[%clk 1:31:00]} d6 {[%clk 1:31:00]} 4. Be3 {[%clk 1:31:00]} a6
{[%clk 1:32:00]} 5. Qd2 {[%clk 1:31:00]} b5 {[%clk 1:32:00]} 6. h4 {[%clk
1:30:00]} h5 {[%clk 1:32:00]} 7. f3 {[%clk 1:29:00]} Nd7 {[%clk 1:32:00]} 8. Nh3
{[%clk 1:29:00]} Bb7 {[%clk 1:30:00]} 9. Ng5 {[%clk 1:29:00]} Ngf6 {[%clk
1:30:00]} 10. a4 {[%clk 1:29:00]} b4 {[%clk 1:29:00]} 11. Ne2 {[%clk 1:29:00]} c5
{[%clk 1:28:00]} 12. dxc5 {[%clk 1:23:00]} dxc5 {[%clk 1:28:00]} 13. Nf4 {[%clk
1:24:00]} O-O {[%clk 1:16:00]} 14. Bc4 {[%clk 1:24:00]} Ne5 {[%clk 1:16:00]} 15.
Qe2 {[%clk 1:24:00]} Qa5 {[%clk 1:16:00]} 16. O-O {[%clk 1:24:00]} Nfd7 {[%clk
1:16:00]} 17. Nd5 {[%clk 1:24:00]} e6 {[%clk 1:16:00]} 18. Ne7+ {[%clk 1:24:00]}
Kh8 {[%clk 1:16:00]} 19. Nxg6+ {[%clk 1:24:00]} Nxg6 {[%clk 1:16:00]} 20. f4
{[%clk 1:24:00]} Nf6 {[%clk 1:16:00]} 21. f5 {[%clk 1:24:00]} Ne5 {[%clk
1:16:00]} 22. fxe6 {[%clk 1:24:00]} fxe6 {[%clk 1:16:00]} 23. Nxe6 {[%clk
1:24:00]} Nxc4 {[%clk 1:16:00]} 24. Qxc4 {[%clk 1:24:00]} Rfe8 {[%clk 1:16:00]}
25. Bg5 {[%clk 1:24:00]} Qb6 {[%clk 1:16:00]} 26. Nxg7 {[%clk 1:24:00]} Rxe4
{[%clk 1:16:00]} 27. Qf7 {[%clk 1:24:00]} c4+ {[%clk 1:16:00]} 28. Kh1 {[%clk
1:24:00]} Qc6 {[%clk 1:16:00]} 29. Rf2 {[%clk 1:24:00]} Ng4 {[%clk 1:16:00]} 30.
Qxh5+ {[%clk 1:24:00]} Kg8 {[%clk 1:16:00]} 31. Qf7+ {[%clk 1:24:00]} Kh8 {[%clk
1:16:00]} 32. Qh5+ {[%clk 1:24:00]} Kg8 {[%clk 1:16:00]} 33. Qf7+ {[%clk
1:24:00]} Kh8 {[%clk 1:16:00]} 1/2-1/2